000 00272nam a2200109Ia 4500
008 200302s9999 xx 000 0 und d
100 _aAnthony wylson
245 _aAquatecture Architecture and Water
260 _bThe Architectural Press
260 _c1986
300 _a216 P.,
999 _c750
_d750